000
nam a22 7a 4500
999
_c
328813
_d
328813
003
Nust
005
20170417140243.0
008
170417b xxu||||| |||| 00| 0 eng d
040
_c
dlc
082
_a
576.8 SCI
245
_a
Science Evolution, and Creationism
942
_2
ddc
_c
BK